| 000 | 00531nam a22001937a 4500 | ||
|---|---|---|---|
| 003 | CEME | ||
| 005 | 20210628202533.0 | ||
| 008 | 210105b xxu||||| |||| 00| 0 eng d | ||
| 020 | _a9781259098598 | ||
| 040 | _c. | ||
| 082 | _a621.31924 ALE | ||
| 100 |
_aAlexander, Charles K , Sadiku, Mathew N.O _960406 |
||
| 245 | _aFundamentals of electric circuits | ||
| 250 | _a5TH | ||
| 260 |
_aINDI _bMCGRAW HILL _c2016 |
||
| 300 | _aXXII, 969P | ||
| 650 |
_aTEXTBOOK-MTS. FUNDAMENTALS OF ELECTRIC CIRCUITS _960407 |
||
| 942 |
_cBK _2ddc |
||
| 999 |
_c570132 _d570132 |
||